Quizzes
Events
Quiz Creation
Community
Videos
Private Events
Remove Ads
Sign In
Join for FREE
Feedback
Dark Mode
Quiz Categories
Sports
Geography
Music
Movies
Television
Just For Fun
Miscellaneous
History
Literature
Language
Science
Gaming
Entertainment
Religion
Holiday
For Kids
Quiz Lab
Recent
Popular Today
Quiz Kudos Today
Editor Picks
Curator Picks
Quizzes by...
Day
Popularity
Type
Ratings
Length
Year
Community
Subscriptions
Recent Discussions
Orange Saloon
Badges
Playlists
Quests
Create
Leaderboards
Showdown
Live 5
Trivia Bingo
Activity
Puzzle Library
Sporcle Events
Private Events
Virtual Trivia
Globe League
Become a Host
Pub Owners
SporcleCon
Opinionation
Our Games
Videos
Blog
Mobile Apps
Partnerships
Remove Ads and Go Orange
Feedback
Sports
Athletes
MLB
NBA
NHL
NFL
Soccer
Sports Teams
WWE
NCAA
Football
Premier League
Basketball
Baseball
Hockey
Golf
Tennis
Cricket
Rugby
Auto Racing
Olympics
World Cup
Sports
Athletes
MLB
NBA
NHL
NFL
Soccer
Sports Teams
WWE
NCAA
Football
Premier League
Basketball
Baseball
Hockey
Golf
Tennis
Cricket
Rugby
Auto Racing
Olympics
World Cup
Random Quiz
Search Sporcle
×
Quiz Lab
Quiz Lab
Sports
Soccer
Type in answers that appear in a list
Type in answers that appear in a list
Classic
Best Score? Go Orange.
Played for Anderlecht and Club Brugge Stats
Can you name the footballers who played for Anderlecht and Club Brugge?
By
petrus1981
7m
23 Questions
532 Plays
532 Plays
532 Plays
Comments
Comments
Give Quiz Kudos
Give Quiz Kudos
-
- Ratings
hide this ad
Replay
Link that replays current quiz
Next Quiz
Link to next quiz in quiz playlist
You Got
0%
They Got
Avg Score
40%
Avg Friend Score
Upgrade to see
Score Distribution
Jump to the score distribution portion of the page
Score
0/23
Timer
07:00
0
Plays Today
position (nationality)
% Correct
defender/
midfielder (Bel)
Lorenzo Staelens
80.8%
midfielder (Ven)
Ronald Vargas
77.6%
midfielder (Rom)
Alin Stoica
77.6%
winger (Bel)
Gert Verheyen
77.4%
midfielder (Bel)
Marc Degryse
69.9%
striker (many)
Mohamed Tchite
66%
winger (Ned)
Rob Rensenbrink
56.8%
defender (Ser)
Aleksandar Ilic
54.7%
goalkeeper (Bel)
Geert De Vlieger
50.8%
striker (Den)
Kenneth Brylle
38.7%
striker (Con)
Elos Elonga Ekakia
37.6%
defender (Bel)
Hugo Broos
36.7%
position (nationality)
% Correct
defender/
midfielder (Bel)
René Vandereycken
32.9%
midfielder (Bel)
Vadis Odjidja
30.8%
defender (Bel)
Gilles Van Binst
24.1%
goalkeeper (Ned)
Leen Barth
22.7%
striker (Ned)
Ruud Geels
18.4%
midfielder (Bel)
Erwin Vandendaele
17.1%
winger (Bel)
Wilfried Puis
14.7%
striker (Bel)
Nordin Jbari
14.5%
defender (Bel)
Jos Volders
11.3%
striker (Bel)
Johan Devrindt
9.6%
defender (Bel)
Jean Velkeneers
6.4%
Quiz Playlist
Details
Report
Send in Message
Add To Playlist
Classic:
Type in answers that appear in a list
Last Updated: Feb 16, 2017
Quiz Scoreboard
CHALLENGE
Sign Up to Join the Scoreboard
Show All
Scores
Hide
Comments
May contain spoilers
Recently Published
Movies - When Are They Set?
by FPL_Elf
Movies
5m
Popular People in 1961
by mucciniale
History
6m
1-10 Letter E Words III
by El_Dandy
Language
2m
More to Explore
Quiz From the Vault
Featured Blog Post
Where Did the Easter Bunny Come From?
hide this ad
You Might Also Like...
Tags
Soccer Quiz
Belgian Jupiler
Belgium
Transfer
Today's Top Quizzes in Sports
Browse Sports
hide this ad
Today's Top Quizzes in Soccer
Browse Soccer
Top Contributed Quizzes in Sports
1
Les meilleurs buteurs des matchs entre le PSG et l’OM
2
Les entraîneurs de l'OM et du PSG au 21e siècle
3
FIFA Club World Cup Champions
4
2022 World Cup Stars
5
Name the Premier League winners with different clubs
6
La finale Lions - Afrique du Sud 2021
7
Criteria MLB: Left Handed Sluggers
8
Players with Multiple 50 Home Run Seasons
9
MLB Players with Two .350 Batting Average Seasons
10
MLB Hall of Famer by Rings
Explore More
Trending Topics
NBA
Kpop
Disney
Harry Potter
Marvel
Anime
Crossword
Song
Country
The Office
Soccer
NFL
Pokémon
WWE
Puzzle
hide this ad
More By:
petrus1981
Quiz
Plays
Rating
Category
Featured
Created
Belgian World Cup squads since 1982
773
5.00
Sports
Jan 20, 2013
Played for Anderlecht and Club Brugge
532
5.00
Sports
Dec 7, 2012
Scandinavians who have played for Anderlecht
171
Sports
Dec 7, 2012
Go to Creator's Profile
Score Distribution
Quiz Creator Spotlight
petrus1981
Follow
Send a Message
Quizzes Created
-
Created Quiz Play Count
-
More By This Creator
Popular Quizzes Today
1
Find the US States - No Outlines Minefield
2
Find the Countries of Europe - No Outlines Minefield
3
The Countries of the World
4
Popular People in 1961
5
1-10 Letter E Words III
6
US States
7
Find the US States
8
One Thing in Common: World Cities II
More Sports Quizzes
NFL Draft Blitz: Most #1 Picks
Published
Trending Quizzes
Risky Map Clicking: Least Populous States A-Z
1-10 Letter F Words
Humor Books: The Subtitles
1-10 Letter G Words
One Thing in Common: United Kingdom
Recently Updated
Leaping Animals
pecheneg
Reality TV Shows (A-Z)
bhenderson79
Rickey Henderson's Hall of Fame Teammates
pecheneg
Champions League XIs: Arsenal
pecheneg
Quick Pick: Celebrities in WWE's Hall of Fame
aduchscher
A-Z Keypad Blitz II
pecheneg
Multiple Oscar Actors
pecheneg
Mystery Phrase Blitz: Oscar 'Best Actors'
pecheneg
F. Scott Fitzgerald Novels
LTH
Pick 3 Villains
ddd62291
Trending Topics
NBA
Marvel
Kpop
Harry Potter
Crossword
Disney
Anime
Pokémon
NFL
Country
Soccer
The Office
WWE
Puzzle
Song
Your Account Isn't Verified!
In order to create a playlist on Sporcle, you need to verify the email address you used during registration. Go to your
Sporcle Settings
to finish the process.
Report this User
Report this user for behavior that violates our
Community Guidelines
.
Details:
Send Report
Go to the Sporcle.com Mobile Site →
Comments